000 01837nac a2200313 a 4500
003 CO-PeBPM
005 20251212134524.0
008 251212s2024 ck a|||| |||| 00| 0 spa d
020 _a9786287734951
040 _aCO-PeBPM
_bspa
_cCO-PeBPM
_erda
041 _aspa
082 0 4 _a741.5987 G915n
_222
100 1 _aGuarisco, Laura
_d, 1991
_eautora
245 1 0 _aNido
_c/ Laura Guarisco
250 _aEdición especial
260 _aBogotá, Colombia
_b: Planeta
_c, 2024
300 _a190 páginas
_bilustraciones a color
_c22 centimetros
490 _aPlan Nacional de Lectura, Escritura y Oralidad / Ministerio de las Culturas, las Artes y los Saberes
500 _aIncluye datos biográficos del autor.
520 _aUn joven arquitecto abandona su país natal para huir de la escasez y la violencia y buscar mejores oportunidades. recorre cientos de kilómetros para encontrar un nuevo hogar y en su vuelo se enfrenta al miedo, a la nostalgia y a la xenofobia. pero a pesar de todo, continúa con esperanza. esta historia es una ficción construida a partir de episodios reales. es la historia de ángel, el protagonista; de Laura, la autora, y de millones de migrantes más. es una novela gráfica que retrata, en el testimonio íntimo de un viaje, los recuerdos de una Venezuela convulsa que ha obligado a millones a abrir sus alas y encontrar un nuevo nido... Tomado de la contra cubierta del libro.
521 _aRecomendado para jóvenes y adultos
650 1 4 _aNovela gráfica venezolana
_2LEMB
_ySiglo XXI
650 1 4 _aLiteratura venezolana
_2LEMB
_ySiglo XXI
650 1 4 _aInmigrantes en la literatura
_2LEMB
650 1 4 _aXenofobia en la literatura
_2LEMB
650 1 4 _aEsperanza en la literatura
_2LEMB
942 _2ddc
_cBK
_n0
999 _c107030
_d107030